[Event "Rohde op 09th"]
[Site "Sautron"]
[Date "2009.10.29"]
[Round "7"]
[White "Philippe, Christophe"]
[Black "Shankland, Samuel L"]
[Result "1-0"]
[WhiteElo "2430"]
[BlackElo "2474"]
[Annotator "RR"]
[PlyCount "51"]
[EventDate "2009.10.24"]
[EventType "swiss"]
[EventRounds "9"]
[EventCountry "FRA"]
[SourceTitle "EXT 2010"]
[Source "ChessBase"]
[SourceDate "2010.11.25"]
[SourceVersion "1"]
[SourceVersionDate "2010.11.25"]
[SourceQuality "1"]

1. e4 c5 2. Nf3 d6 3. d4 cxd4 4. Nxd4 Nf6 5. Nc3 a6 6. Bc4 e6 7. Bb3 Nc6 8. Be3
Be7 9. Qe2 {La dangereuse attaque Velimirovic} O-O 10. O-O-O Qc7 11. Rhg1 {
[%cal Gg2g4,Gg4g5]} (11. g4 Nxd4 12. Rxd4 b5 13. g5 Nd7 14. Rg1) 11... b5 12.
g4 Na5 13. g5 Nxb3+ 14. axb3 Nd7 15. f4 b4 16. Na4 ({RR} 16. Nf5 Nc5 17. Nxe7+
Qxe7 18. e5 d5 19. Qf2 Nd7 20. Na4 a5 21. Nb6 Nxb6 22. Bxb6 Re8 23. Bc5 Qc7 24.
Rd3 Bb7 25. Bd6 Qc6 26. Rh3 Rec8 27. f5 d4 28. fxe6 fxe6 29. g6 hxg6 30. Rf1
Qxc2+ {Nunn,J (2605)-Arakhamia Grant,K (2455)/England 1997/EXT 1999/1-0 (33)})
16... Bb7 17. f5 Bxe4 $146 ({RR} 17... e5 18. f6 exd4 19. fxe7 Rfe8 20. Rxd4
Rxe7 21. Rxb4 Bxe4 22. Nc3 Bc6 23. Rh4 Nf8 24. Qd2 Rae8 25. Bd4 Ng6 26. Rh3 Qa5
27. Kb1 Re2 28. Qd1 Qf5 29. Nxe2 Qxh3 30. Rg3 Qxh2 31. Rc3 Bb5 32. Ng3 {
Velimirovic,D (2520)-Ivanovic,B (2460)/Belgrade 1978/EXT 1999/0-1 (52)}) 18. f6
Bd8 19. Bf4 Bg6 20. h4 Bxf6 21. gxf6 Nxf6 22. Nxe6 fxe6 23. Bxd6 Qc6 24. Bxf8
Rxf8 25. Qc4 Rc8 $2 (25... Qxc4) 26. Rd8+ {[%csl Rc6]} 1-0

[Event "Leon"]
[Site "Leon"]
[Date "1995.??.??"]
[Round "3"]
[White "Sion Castro, Marcelino"]
[Black "Shirov, Alexei"]
[Result "0-1"]
[WhiteElo "2390"]
[BlackElo "2710"]
[Annotator "Shirov,A"]
[PlyCount "66"]
[EventDate "1995.05.??"]
[EventType "tourn"]
[EventRounds "9"]
[EventCountry "ESP"]
[EventCategory "14"]
[SourceTitle "CBM 048"]
[Source "ChessBase"]
[SourceDate "1995.10.01"]
[SourceVersion "1"]
[SourceVersionDate "1995.10.01"]
[SourceQuality "1"]

1. e4 {King Romero Holmes Boensch} c5 2. Nf3 d6 3. d4 Nf6 4. Nc3 cxd4 5. Nxd4
Nc6 6. Bc4 e6 7. Be3 Be7 8. Qe2 a6 9. Bb3 Qc7 10. O-O-O O-O 11. Rhg1 Nd7 12. g4
Nc5 13. Nf5 b5 14. Bd5 {King There is something very appealing about the way
Shirov declines to capture any of the sacrificed pieces, but instead seeks to
build up his own attack. The course of the game proves Black's strategy to be
correct.} Bb7 (14... exd5 $2 {Boensch} 15. Nxd5 Qb7 16. e5 $1 Ne6 17. exd6 Bd8
18. f4 $40 {Hellers,S-Mednis,E Copenhagen op (09) 1991 1/2 48}) (14... Re8 $2 {
Boensch} 15. Nxe7+ Rxe7 16. e5 Nb7 17. exd6 Qxd6 18. Be4 Qc7 19. g5 Ne5 20. Rg3
Ng6 21. Qh5 Nf8 22. Bxh7+ Nxh7 23. Rh3 {1-0 Nijboer,F-Hon,A London Loyds 1992})
15. g5 Rfc8 (15... exf5 $6 {Boensch} 16. g6 $1 hxg6 17. Rxg6 Ne5 18. Rxg7+ $3
Kxg7 19. Rg1+ Ng6 20. exf5 Rh8 21. Bd4+ Bf6 22. fxg6 fxg6 23. Qg4 Rh6 24. Bxf6+
Kh7 25. Re1 Bxd5 26. Nxd5 Qc8 27. Re7+ Kg8 28. Rg7+ Kf8 29. Rg8+ Kxg8 30. Ne7+
{1-0 Sokolov,A-Salov,V Nikolaev 1983 - Inf.36/322}) (15... b4 $6 {Boensch} 16.
g6 (16. Qh5 $1 bxc3 17. Rg3 Qb6 18. bxc3 $18 {Sokolov,A - ECO}) 16... hxg6 17.
Na4 exd5 18. Nxc5 dxc5 19. exd5 Bf6 20. dxc6 Bxc6 21. Nd6 Qe7 $17 {Levitina,
I-Ioseliani,N USSR 1977 0-1 27 - Inf. 24/386}) 16. Rg3 {->} Ne5 (16... b4 {
Boensch} 17. Rh3 g6 18. Nh6+ Kg7 19. Bxc6 bxc3 20. Qf3 cxb2+ 21. Kb1 Rf8 22.
Ng4 $1 $40 {Efimov,O-Starodubcev USSR 1989 1-0 40 - Inf.48/355}) (16... exf5 {
Boensch} 17. g6 Ne5 (17... hxg6 18. exf5 Ne5 19. fxg6 Bxd5 20. Nxd5 Qb7 21.
gxf7+ Kxf7 22. Qh5+ g6 23. Qh7+ Ke8 24. Rxg6 $18) 18. exf5 $40) (16... Bf8 $5 {
Romero Holmes}) 17. Bxb7 $2 $146 (17. Rh3 Ng6 18. Qh5 Nf8 19. Bd4 Bxd5 20. Qh6
Bxg5+ 21. Qxg5 f6 22. Nh6+ Kh8 23. Qxf6 e5 24. Qf3 Be6 25. Bxc5 Qxc5 26. Rg3 b4
27. Nf7+ Bxf7 28. Qxf7 Rc7 29. Qd5 {Brunner,L-Wittman/Graz/1991/} Rac8 $19) (
17. f4 $1 exf5 (17... b4 18. Bxc5 $1 dxc5 (18... bxc3 19. Bxb7 cxb2+ 20. Kb1
Qxb7 21. Nxe7+ Qxe7 22. Bxd6 $18) 19. Nxe7+ Qxe7 20. Bxb7 Qxb7 21. fxe5 bxc3
22. Rxc3 $16 (22. Rxc3 Qc7 23. Rd6 $16)) (17... Ng6 18. Nxg7 Kxg7 19. f5 $40) (
17... exd5 18. fxe5 dxe5 19. exd5 $16) (17... Bxd5 18. Nxe7+ Qxe7 19. exd5 Nc4
20. Bxc5 Rxc5 21. Rh3 $18) 18. Bxc5 $1 Ng6 (18... dxc5 19. fxe5 $16 (19. fxe5
b4 20. Bxb7 Qxb7 21. Nd5 $16)) 19. Be3 b4 20. Bxb7 Qxb7 21. Nd5 fxe4 22. f5 $16
(22. f5 {Boensch} Ne5 23. Nb6 $16)) 17... Nxb7 $2 (17... Qxb7 18. Nxe7+ Qxe7
19. f4 Ned7 $1 (19... Nc4 $6 20. Bd4 Nd7 (20... b4 21. Qxc4 bxc3 22. Rxc3 $16)
21. Rh3 b4 (21... Nf8 22. f5 $1 exf5 23. Nd5 $40) 22. Qh5 Nf8 23. Bxg7 $1 bxc3
(23... Kxg7 24. f5 $1 f6 (24... exf5 25. exf5 $40) 25. Qh6+ Kh8 (25... Kf7 26.
g6+ $18) 26. gxf6 Qf7 27. Ne2 $40) 24. Bxc3 $40) 20. f5 (20. a3 $1 $14 {Boensch
}) 20... b4 21. f6 Qe8 $1 22. fxg7 bxc3 23. Qh5 cxb2+ 24. Kb1 Nxe4 25. Rh3 Nc3+
26. Kxb2 Nxd1+ 27. Kc1 Kxg7 28. Qh6+ Kg8 29. g6 Nxe3 30. Qxh7+ Kf8 $19) 18.
Nxe7+ $6 (18. Bb6 $1 Qd7 19. Bd4 (19. Nxe7+ {Boensch} Qxe7 20. f4 Nc4 21. Bd4
b4 22. Na4 e5 $1 $10) 19... exf5 20. Bxe5 Qe6 (20... fxe4 $13) 21. Bd4 b4 22.
Nd5 Bd8 $14) 18... Qxe7 19. Bd4 {/\ 20.f4 Nc4 21.f5->, 21.Rh3} (19. f4 {Boensch
} Nc4 20. Bd4 b4 21. Na4 (21. Bf6 Qc7 22. Qh5 bxc3 23. Bxc3 (23. Rh3 cxb2+ 24.
Kb1 Na3+ 25. Kxb2 Qxc2+ 26. Kxa3 Qxe4 $19) 23... d5 $19) 21... e5 $1 $10) 19...
b4 $1 20. Na4 Nc4 $1 21. b3 $5 Na3 22. c4 $6 (22. Rd2 {Romero Holmes}) 22...
bxc3 23. Nb6 Nb5 $1 (23... c2 $2 {Boensch} 24. Rd2 Nb5 25. Bb2 $18) 24. Bf6 $2
(24. Nxc8 Rxc8 25. Qc2 (25. a4 c2 $1 26. Rd2 Nxd4 27. Rxd4 d5 $1 28. b4 e5 29.
Rd2 Qxb4 30. Rxc2 Nc5 $40) 25... Nc5 $1 (25... d5 {Boensch} 26. a4 Nxd4 27.
Rxd4 Qc5 28. Rgd3 (28. Rdd3 d4 $19) 28... dxe4 29. Rxe4 Qxg5+ $15) 26. Bxc5
dxc5 $15) (24. Nxa8 $2 {Boensch} d5 $1 25. Qc2 Qa3+ 26. Kb1 Qb4 $19) (24. a4 {
Romero Holmes} c2 $1 $17) 24... Qc7 25. Nxc8 (25. Nxa8 $2 {Boensch} Qc5 26. Qc2
gxf6 27. gxf6+ Kh8 28. Rg7 Qe5 $19 {/\ Qf4, Na3}) 25... Rxc8 26. a4 e5 $3 (
26... Qa5 27. Qa2 Nc5 $17 (27... Nc5 $1 {Boensch} 28. b4 Qxa4 29. Qxa4 Nxa4 $17
)) 27. Qa2 $2 (27. Qc4 c2 $1 28. Rd2 $8 Qxc4 29. bxc4 Nd4 30. Rxd4 exd4 31.
Bxd4 Rxc4 32. Rb3 (32. Rc3 Rxc3 33. Bxc3 Nc5 34. f3 $1 Nxa4 35. Bd4 (35. Bb4
Nc5 36. Kxc2 Ne6 $19) 35... Nc5 36. Kxc2 Ne6 37. Be3 f6 38. h4 Kf7 39. Kc3 Nd8
$17) 32... Rxd4 33. Rxb7 g6 $17 (33... g6 {Boensch} 34. f3 Rxa4 35. Kxc2 Ra3
36. Rb3 (36. f4 Rf3 $19) 36... Rxb3 37. Kxb3 f6 38. gxf6 (38. h4 h5 $19) 38...
Kf7 39. Ka4 Kxf6 40. f4 g5 $19)) (27. axb5 {Boensch} Qa5 28. Qg4 Rc7 (28...
Qa1+ 29. Kc2 Qb2+ 30. Kd3 $13) 29. b6 (29. Kc2 Qa2+ 30. Kd3 Nc5+ 31. Ke3 (31.
Kxc3 Nxe4+ 32. Kd3 Qc2+ 33. Ke3 Rc3+ 34. Rd3 Qxd3#) 31... c2 $19) 29... Qa2 $19
) 27... c2 28. Rdd3 (28. Rd2 {Boensch} Nc3 29. Qxc2 Nxe4 $19) 28... Qa5 $19 29.
Rge3 (29. b4 {Boensch} Qxb4 30. axb5 Qe1+ $19) 29... Nc5 30. Rd5 Nc3 31. Qxc2
Nxd5 32. exd5 Nxb3+ {King White failed to open a file on the Kside, but on the
Qside...} 33. Rxb3 Qe1+ 0-1

[Event "Biel"]
[Site "Biel"]
[Date "1995.??.??"]
[Round "4"]
[White "De Firmian, Nick E"]
[Black "Shirov, Alexei"]
[Result "0-1"]
[WhiteElo "2605"]
[BlackElo "2695"]
[Annotator "Shirov,A"]
[PlyCount "80"]
[EventDate "1995.07.??"]
[EventType "tourn"]
[EventRounds "13"]
[EventCountry "SUI"]
[EventCategory "15"]
[SourceTitle "CBM 049"]
[Source "ChessBase"]
[SourceDate "1995.12.01"]
[SourceVersion "1"]
[SourceVersionDate "1995.12.01"]
[SourceQuality "1"]

1. e4 {Baburin} c5 2. Nf3 d6 3. d4 cxd4 4. Nxd4 Nc6 5. Nc3 Nf6 6. Bc4 e6 7. Be3
Be7 8. Bb3 a6 9. Qe2 Qc7 10. O-O-O O-O 11. g4 Nxd4 12. Rxd4 Nd7 13. g5 Nc5 14.
Rg1 b5 15. Qh5 {N} g6 16. Qh6 Rd8 $1 (16... Re8 $2 17. e5 Bf8 18. exd6 $16) 17.
e5 Bf8 18. Qh3 (18. exd6 Rxd6 19. Qh4 Bb7 $15) 18... Bg7 (18... d5 $1 19. Rh4
Bg7 $1 (19... Qxe5 20. Bd4 Qf5 21. Qe3 $1 $44 {De Firmian}) 20. Rgg4 $5 $13)
19. Rxd6 $6 (19. Rh4 $1 h5 $5 {19...d5-18...d5 19 Rh4 Bg7} 20. gxh6 Bxe5 21.
Bg5 $1 (21. h7+ Kh8 22. Bg5 Bb7 $1 $13) 21... Kh7 22. Bxd8 Qxd8 23. Ne4 $14)
19... Bb7 $1 (19... Rxd6 20. exd6 Qxd6 21. Qf3 $14) 20. Bf4 Rxd6 $6 (20... b4
21. Na4 Ne4 $15) 21. exd6 Qc6 22. Rd1 $1 b4 (22... a5 23. Qe3 $1 {with the
idea 24 Bd5!}) 23. Ne2 a5 {Baburin: White's initiative on the K-side is over,
while Black starts his attack on the opposite wing.} 24. Bc4 $2 (24. Qe3 $1 $14
) 24... a4 $2 (24... Ne4 25. Bxe6 $8 Nxf2 26. Bxf7+ Kxf7 27. Qb3+ Kf8 28. Rf1
a4 29. Qe3 b3 $1 $40) 25. Qe3 b3 26. Nc3 a3 27. Be5 $2 $138 (27. cxb3 axb2+ 28.
Kxb2 Ne4 29. Rd3 $1 $16 (29. Rd4 Nxc3 30. Kxc3 Rxa2 31. Be5 Qh1 $1 32. Bxg7
Qa1+ 33. Kb4 Ra8 34. Qe5 Qa3+ 35. Kc3 Qc1+ $10)) 27... axb2+ $2 $138 (27...
bxa2 28. Bxa2 axb2+ 29. Kb1 (29. Kxb2 $2 Na4+ 30. Nxa4 Qxa4 $19) 29... Bxe5 30.
Qxe5 Rc8 $1 31. Bd5 Qb6 $1 $17) 28. Kxb2 Na4+ 29. Nxa4 bxc2 30. Rd4 Bxe5 $2 (
30... Rxa4 31. Bxg7 Rxc4 32. Rxc4 Qxc4 $14) 31. Qxe5 Rxa4 32. d7 c1=Q+ 33. Kxc1
Rxc4+ 34. Rxc4 Qxc4+ 35. Kb2 Qb4+ 36. Kc1 $4 (36. Ka1 Qd2 37. Qb8+ Kg7 38. Qxb7
e5 39. Qc6 $1 $18) 36... Qa3+ 37. Qb2 $4 (37. Kd2 Qxa2+ 38. Kc1 Qc4+ 39. Kd2
Qb4+ 40. Kc1 $10) 37... Qc5+ 38. Kb1 Be4+ 39. Ka1 Qd6 40. Qb5 Qd4+ 0-1

[Event "Olympiad-29"]
[Site "Novi Sad"]
[Date "1990.12.01"]
[Round "13"]
[White "Timman, Jan H"]
[Black "Ljubojevic, Ljubomir"]
[Result "1-0"]
[WhiteElo "2660"]
[BlackElo "2600"]
[Annotator "Timman,J"]
[PlyCount "83"]
[EventDate "1990.11.17"]
[EventType "team-swiss"]
[EventRounds "14"]
[EventCountry "YUG"]
[SourceTitle "TD"]
[Source "ChessBase"]
[SourceDate "1994.03.01"]
[SourceVersion "1"]
[SourceVersionDate "1994.03.01"]
[SourceQuality "1"]
[WhiteTeam "Netherlands"]
[BlackTeam "Yugoslavia"]
[WhiteTeamCountry "NED"]
[BlackTeamCountry "YUG"]

1. e4 c5 2. Nf3 e6 3. d4 cxd4 4. Nxd4 Nf6 5. Nc3 d6 6. Bc4 Nc6 7. Be3 Be7 8.
Qe2 O-O 9. O-O-O Bd7 10. f4 a6 $6 11. e5 dxe5 12. Nxc6 bxc6 13. fxe5 Nd5 14.
Ne4 $14 Qa5 (14... Qc7 15. Bc5 $16) 15. Bg5 Bxg5+ 16. Nxg5 h6 17. Ne4 (17. h4
$2 Rfb8 $1) 17... Rab8 18. Bb3 $1 (18. Qd2 $2 Qa4 19. Qd4 Rb4 $17) (18. Rhf1 $2
Qb6 $17) (18. c3 c5 $10 {P b5}) 18... Rxb3 $2 (18... Rfd8 19. Rhf1 $16) (18...
Nb6 $142 $1 19. Nd6 c5 20. Rhf1 $14) 19. cxb3 (19. axb3 $2 Qa1+ 20. Kd2 Qxb2
$44) 19... Qxa2 20. Nc5 $1 Nc3 (20... Qa1+ 21. Kc2 Nb4+ 22. Kc3 Qa5 23. Nxd7
$18) 21. Qd3 Nxd1 22. Rxd1 Bc8 23. Qc3 $18 {<-> a2,c8} a5 (23... f6 24. exf6
Rxf6 25. Rd8+ Kf7 (25... Rf8 26. Rxf8+ Kxf8 27. Qf3+ $18) 26. Nd3 $1 (26. Ne4
$142 $2 Rf1+ 27. Kd2 Qa1 $1 28. Nd6+ Kg6 29. Qd3+ Kh5 $1 $10) (26. Rxc8 $142 $2
Rf2 $1 27. Rc7+ Ke8 $10) 26... Rf1+ 27. Kd2 $18 Qb1 28. Ne5+ Ke7 (28... Kf6 29.
Rf8+ $18) 29. Nxc6+ Kf7 30. Ne5+ Ke7 31. Qc7+ Kf6 32. Rf8+ $18) 24. Qc4 {
P 25. a4-c3} f6 $8 25. Nxe6 Bxe6 26. Qxe6+ Kh7 27. exf6 a4 (27... Rxf6 28. Qe4+
$18) 28. Qe4+ Kg8 29. f7+ $1 $18 Kh8 $8 30. Qxa4 Qxa4 31. bxa4 Rxf7 32. Rd6 Ra7
33. b3 Ra6 34. g4 Kg8 35. h4 Kf7 36. h5 Rb6 37. Kc2 Rb4 38. Rxc6 Rxg4 39. a5
Rg5 40. a6 Rxh5 41. b4 Rh1 42. Rc5 1-0

[Event "Barbera del Valles op"]
[Site "Barbera del Valles"]
[Date "1996.??.??"]
[Round "9"]
[White "Dimitrov, Vladimir"]
[Black "Zvjaginsev, Vadim"]
[Result "0-1"]
[WhiteElo "2530"]
[BlackElo "2590"]
[Annotator "Zvjaginsev,V"]
[PlyCount "46"]
[EventDate "1996.07.??"]
[EventType "swiss"]
[EventRounds "9"]
[EventCountry "ESP"]
[SourceTitle "EXT 1997"]
[Source "ChessBase"]
[SourceDate "1996.11.15"]
[SourceVersion "1"]
[SourceVersionDate "1996.11.15"]
[SourceQuality "1"]

1. e4 c5 2. Nf3 e6 3. d4 cxd4 4. Nxd4 Nc6 5. Nc3 d6 6. Be3 Nf6 7. Bc4 a6 8. Qe2
Qc7 9. O-O-O Na5 10. Bd3 b5 11. a3 Rb8 12. Bg5 Be7 13. Qe1 (13. f4 $32 b4 14.
axb4 Rxb4 15. Nf3 $13) 13... h6 $1 {N/} (13... b4 $5 14. axb4 Rxb4 15. Bxf6
Bxf6 16. Nd5 exd5 17. exd5+ Kf8 18. Qxb4 Bxd4 19. Qxd4 Nb3+ $19) 14. Bh4 g5 $1
15. Bg3 e5 16. Nf5 Bxf5 17. exf5 b4 18. axb4 Rxb4 $40 19. h4 $8 g4 20. Qe3 O-O
$1 21. Qxh6 Rxb2 $1 (21... Rfb8 22. Qg5+ Kf8 (22... Kh7 23. Nd5 Nb3+ 24. Kb1
Nd2+ 25. Kc1 Nb3+ $10) 23. Qh6+ Ke8 24. Bxe5 $1 dxe5 25. Qh8+ Bf8 26. Qxf6 Rxb2
(26... R4b6 27. Nd5 Nb3+ 28. Kb1 Nd2+ 29. Kc1 Nb3+ $10) 27. Rhe1 Rb1+ 28. Nxb1
Nb3+ 29. Kb2 Nd4+ 30. Kc1 $10) 22. Nd5 $4 (22. Kxb2 Rb8+ 23. Nb5 Nc4+ $17) (22.
Qg5+ $1 $8 Kh7 23. Nd5 Rb1+ 24. Kd2 $8 Nb3+ 25. cxb3 Qa5+ 26. Ke2 $8 Rb2+ 27.
Kf1 Qxd5 28. Kg1 $15) 22... Nxd5 23. f6 Nb3+ (23... Nb3+ 24. Kxb2 Qc3+ $19) 0-1